000
00339nam a2200145Ia 4500
008
150201s1997 xx 000 0 und d
082
_a
618.92
_b
O1997L
100
_a
LEWS, DAVID
245
_a
ON CALL PEDIATRICS
250
_a
1ST
260
_b
SAUNDERS
_a
PHILADELPHIA
_c
1997
300
_a
1-417
650
_a
PEDODONTICS
942
_2
ddc
_c
BK
999
_c
4030
_d
4030